Social science and revolutions

Saved in:
Bibliographic Details
Main Author: Taylor, Stan 1948-
Format: Book
Language:English
Published: London : Macmillan, 1984
Subjects:
Tags: Add Tag
No Tags, Be the first to tag this record!

MARC

LEADER 00000nam a2200000 i 4500
001 1/30034
008 960402s1984 eng d
020 |a 0333315413 
035 |l 10023329 
040 |a GR-MY-UA  |b gre  |e aacr 
041 0 |a eng 
082 0 |a 303.64 
100 1 |a Taylor, Stan  |d 1948- 
245 1 0 |a Social science and revolutions 
260 |a London :   |b Macmillan,   |c 1984 
300 |a 176 p. 
650 0 0 |a Revolutions. 
650 0 0 |a Social sciences  |x Research. 
852 |a INST  |b CHIOS  |e 19960402  |h 303.64 TAY  |p 005200006446  |q 005200006446  |t BK  |y 0 
909 |a Χ  |b 001606